000 01710cam a22004337a 4500
003 CHAP
005 20220329142829.0
008 040603s2004 mx a r 00010 spa d
010 _a88406
011 _a89378
035 _a99929
040 _cCHAP
090 _aTesis
100 0 0 _aMorales Gervacio, Leonardo.
_978275
245 1 0 _aProyecto para el establecimiento de un módulo de producción y comercialización de plantas ornamentales en Xicotepec de Juárez, Puebla
_c/por Leonardo Morales Gervacio
260 _aChapingo, Méx. :
_bEl autor,
_c2004.
300 _a144 h. :
_bilus.
502 _aTesis (Ing. Agr. Esp. en Fitotecnia) -- UACH. Departamento de Fitotecnia
530 _aTambién disponible en línea
590 _aALEPH
_b10
_c20130110
_lUCH01
_h1458
590 _aBATCH-UPD
_b10
_c20130110
_lUCH01
_h0401
590 _aBATCH-UPD
_b10
_c20130110
_lUCH01
_h2157
590 _aBATCH-UPD
_b10
_c20130410
_lUCH01
_h0034
590 _aBATCH-UPD
_b10
_c20130410
_lUCH01
_h1506
590 _aBATCH-UPD
_b10
_c20130914
_lUCH01
_h1408
590 _aBATCH-UPD
_b10
_c20140324
_lUCH01
_h1445
590 _aBATCH-UPD
_b10
_c20141002
_lUCH01
_h0822
590 _aCONVERSION
_b10
_c20130109
_lUCH01
_h1349
650 1 4 _aFinanzas
_xEvaluación.
_940940
650 1 4 _aPlantas ornamentales
_xMercadeo.
_989071
650 1 4 _aPlantas ornamentales
_xRendimiento.
_989075
650 1 4 _aPlantas ornamentales
_xTecnología postcosecha.
_989077
856 _3Finding aid
_uhttp://10.13.5.2/tesis/99929.pdf
_zTeclea aqui
901 _aBK
905 _aMayto Villalobos S.
942 _cFOLL
949 _aTesis
_bBC
_cTES
_d33724000926382
_eTS2
_fc.2
_h41435
_i99929
_si
949 _aTesis
_bBC
_cTES
_d99929123
_eTS1
_h41434
_i99929
_sb
999 _c88406
_d88406